[Event "World School-ch U15 11th"]
[Site "Pattaya"]
[Date "2015.05.13"]
[Round "8"]
[White "Shukla, Rahul"]
[Black "Jacutina, John Merill"]
[Result "0-1"]
[WhiteElo "1787"]
[BlackElo "2106"]
[PlyCount "192"]
[EventDate "2015.05.07"]
[EventType "swiss"]
[EventRounds "9"]
[EventCountry "THA"]
[SourceTitle "CBM 166 Extra"]
[Source "ChessBase"]
[SourceDate "2015.06.18"]
[SourceVersion "1"]
[SourceVersionDate "2015.06.18"]
[SourceQuality "1"]

1. e4 e6 2. d4 d5 3. Nc3 Bb4 4. exd5 exd5 5. Bd3 Nc6 6. a3 Bxc3+ 7. bxc3 Nge7 8. Qh5 Be6 9. Ne2 Qd7 10. Ng3 h6 11. h3 0-0-0 12. 0-0 Rdg8 13. Qe2 h5 14. f4 g6 15. Re1 h4 16. Nf1 Nf5 17. Qf2 f6 18. Bd2 Nd6 19. Ne3 Ne7 20. Rf1 Bf5 21. c4 dxc4 22. Nxc4 Bxd3 23. cxd3 Nd5 24. Qf3 Nxc4 25. dxc4 Nb6 26. c5 Nd5 27. Rab1 c6 28. Rb3 Rh7 29. Qd3 Qf5 30. Qc4 Kb8 31. Rfb1 Ka8 32. Re1 Qc8 33. Rbb1 Re8 34. Qd3 Rg7 35. Rxe8 Qxe8 36. Re1 Re7 37. Rxe7 Nxe7 38. Qe4 Qd7 39. Bc3 Nf5 40. Kh2 Qe7 41. Qxe7 Nxe7 42. g3 hxg3+ 43. Kxg3 Kb8 44. h4 Kc7 45. Kf3 b5 46. Ke4 Kd7 47. Bd2 Ke6 48. Ba5 Nf5 49. Be1 a6 50. Bf2 a5 51. Be1 a4 52. Bf2 Ne7 53. Be1 f5+ 54. Kd3 Nd5 55. Bd2 Nf6 56. Bb4 Ne4 57. Ba5 Kd5 58. Be1 Nf6 59. Bb4 Nh5 60. Bd2 Ng7 61. Bc1 Ne8 62. Bd2 Nc7 63. Bc1 Ke6 64. Be3 Nd5 65. Bd2 Kd7 66. Kc2 Kc7 67. Kb2 Kd8 68. Kc2 Ke8 69. Kd3 Kf7 70. Ke2 b4 71. axb4 a3 72. Bc1 a2 73. Bb2 Nxb4 74. Kd2 Ke6 75. Kc3 Nd5+ 76. Kb3 Nxf4 77. Kxa2 Kd5 78. Kb3 Ng2 79. Kc3 Nxh4 80. Kd3 g5 81. Bc1 f4 82. Bd2 Nf5 83. Bc1 Nxd4 84. Bb2 Ne6 85. Bf6 g4 86. Bh4 Nxc5+ 87. Ke2 Ke4 88. Bf2 Nd3 89. Bb6 g3 90. Kf1 c5 91. Ba5 Kf3 92. Bd2 g2+ 93. Kg1 Nf2 94. Kh2 Nh3 95. Kxh3 g1Q 96. Kh4 Qg4# 0-1

[Event "World School-ch U15 11th"]
[Site "Pattaya"]
[Date "2015.05.08"]
[Round "2"]
[White "Shukla, Rahul"]
[Black "Wong, Yee Chit"]
[Result "1/2-1/2"]
[WhiteElo "1787"]
[BlackElo "1932"]
[PlyCount "71"]
[EventDate "2015.05.07"]
[EventType "swiss"]
[EventRounds "9"]
[EventCountry "THA"]
[SourceTitle "CBM 166 Extra"]
[Source "ChessBase"]
[SourceDate "2015.06.18"]
[SourceVersion "1"]
[SourceVersionDate "2015.06.18"]
[SourceQuality "1"]

1. e4 c5 2. c3 Nf6 3. e5 Nd5 4. d4 cxd4 5. Nf3 Nc6 6. cxd4 d6 7. Bc4 e6 8. 0-0 Be7 9. Qe2 0-0 10. Nc3 Nxc3 11. bxc3 dxe5 12. dxe5 b6 13. Bd3 Qc7 14. Qe4 g6 15. Bh6 Rd8 16. Rad1 Bb7 17. Qf4 Rd7 18. h4 Rad8 19. Be2 Rd5 20. Ng5 Nxe5 21. Nxf7 Rxd1 22. Bxd1 Qc6 23. Bf3 Nxf3+ 24. gxf3 Rd5 25. Ng5 Rf5 26. Qb8+ Qc8 27. Qxa7 Bxg5 28. Bxg5 Rxf3 29. Qxb6 e5 30. Qd8+ Qxd8 31. Bxd8 Rxc3 32. Bf6 Rh3 33. f3 Rg3+ 34. Kh2 Rxf3 35. Rxf3 Bxf3 36. Bxe5 1/2-1/2